| 000 | 01414nam a2200277 a 4500 | ||
|---|---|---|---|
| 001 | 66220 | ||
| 003 | BD-RjUL | ||
| 005 | 20211209081519.0 | ||
| 008 | 170315s1960 pk s o00| 0 eng | ||
| 035 | _a(BD-RjUL)66350 | ||
| 040 |
_aDLC _cDLC _dDLC _dBD-RjUL _beng |
||
| 041 | _aeng | ||
| 082 |
_a630.9549021 _223 _bCAM 1960 (VSWP) |
||
| 110 |
_aWest Pakistan (Pakistan). _b Bureau of Statistics. Planning and Development Department. _9195987 |
||
| 245 | 1 | 0 |
_aVillage statistics of West Pakistan : _bDistrict Campbellpur: population area, cultivated area, wheat area, cotton area / _cWest Pakistan (Pakistan). Bureau of Statistics. Planning and Development Department. |
| 246 |
_aVillage statistics of Campbellpur District: _bWest Pakistan |
||
| 260 |
_aLahore : _b Bureau of Statistics, Planning and Development Dept., _c1960 |
||
| 300 |
_avii, 66 p. : _bIll. ; _c29 cm. |
||
| 500 | _a"Title also in Urdu" English and Urdu. | ||
| 500 | _a"Text : English and Urdu." | ||
| 650 |
_aVillages _zPakistan _zWest Pakistan _zCampbellpur District _vStatistics. _y1946-47 -1956-57 _9195959 |
||
| 650 |
_aAgriculture _zPakistan _zWest Pakistan _zCampbellpur District _vStatistics. _y1946-47 -1956-57 _9195960 |
||
| 651 |
_aPakistan _zWest Pakistan _vStatistics. _y1946-47 -1956-57 _9195961 |
||
| 651 |
_aPakistan _zWest Pakistan _zCampbellpur District _xPopulation _vStatistics _y1951 _9193539 |
||
| 942 |
_2ddc _cRAR |
||
| 999 |
_c66220 _d66220 |
||